000 00715aas a2200205 4500
999 _c49861
_d49861
001 768714001
003 CO-MdFUSB
005 20171019102717.0
008 171017s1999 xxu||||| |||| 00| 0 eng d
022 _a0277-9935
040 _aCO-MdFUSB
_bspa
_cCO-MdFUSB
_dCO-MdFUSB
041 _aeng
100 1 _aParrett, Gary A.
_eautor
242 _aMinistrando en el mundo real :
_buna perspectiva multicultural
245 1 0 _aMinistering in the Real World :
_ba multicultural perspective
300 _aVolumen 3. Número 2 (1999), páginas 31-45
_c: 23 cm.
546 _aTexto en inglés
773 0 _tChristian education journal
_049475
_960884
_gVolumen 3. Número 2 (1999), páginas 31-45
_qPágina 31
942 _cANA